Corruption and development: an introduction /

Sábháilte in:
Sonraí bibleagrafaíochta
Príomhchruthaitheoir: Robinson, Mark
Formáid: Téacs
Ábhair:
Clibeanna: Cuir clib leis
Níl clibeanna ann, Bí ar an gcéad duine le clib a chur leis an taifead seo!

MARC

LEADER 00000 a a2200000 04500
001 18636
003
040
100 |a Robinson, Mark  
245 |a Corruption and development:   |b an introduction /  |c Mark Robinson 
650 |a CORRUPCION  
650 |a DESARROLLO ECONOMICO Y SOCIAL  
650 |a DEMOCRATIZACION  
650 |a ECONOMIA  
650 |a POLITICA GUBERNAMENTAL  
650 |a ADMINISTRACION PUBLICA  
773 |g volumen 10, número 1; páginas 1-14  
999 |c 27450  |d 27450